00412nam a2200169Ia 4500001001000000003000500010008004100015010001100056040000900067082001600076100002000092245005300112260000700165300001100172650003200183650002700215Para_8995CHAP220125s2001 xx 000 0 und d a207773 cCHAP aPA 646.7 G6 aGoleman, Daniel aLa inteligencia emocional /c por Daniel Goleman a27 a397 p. aMotivación (psicología) aSuperación personal